Statistics for Illuminated figures of Greek mythology

Click here to take the quiz!

General Stats

  • This quiz has been taken 136 times
  • The average score is 3 of 9

Answer Stats

HintAnswer% Correct
Greatest hero in Greek mythologyHeracles
91%
Most famous centaurChiron
79%
Transformed into a cow/lover of ZeusIo
47%
Mother of PerseusDanaë
41%
His motherAlcmene
26%
Father of the founder of the Roman raceAnchises
13%
Her mortal love interestDictys
9%
Couple who chose to die togetherBaucis and Philemon
5%
Fair judgeRadamanthus
4%

Score Distribution

Percentile by Number Answered

Percent of People with Each Score

Your Score History

You have not taken this quiz